000
00281nam a22001217a 4500
008
170627b xxu||||| |||| 00| 0 eng d
041
_a
eng
080
_a
32
100
_a
21
101
_a
SHP
245
_a
COMMUNISM AND THE POLITICS OF DEVELOPMENT
_c
KAUTSKY,J.H
942
_2
udc
_c
BK
999
_c
19162
_d
19162